000 00648nam a2200241Ia 4500
003 OSt
005 20221005062453.0
006 a|||||r|||| 00| 0
007 ta
008 221004b |||||||| |||| 00| 0 eng d
024 _a62749
037 _cTextual
040 _aCRL
_cCRL
_beng
041 _2eng
_aeng
082 _aS2, N0
100 _aGullotta Thomas P and others Ed.
_9601880
245 0 _aDeveloping social competency in adolescence
260 _aLondon
_bSage
_c1990
300 _a272p.
_ccm.
650 _aPSYCHOLOGY
942 _hS2, N0
_cTEXL
_2cc
999 _c969773
_d969773